000 00572nam a2200265Ia 4500
005 20260401122347.0
008 008 250103s9999 xx 000 0 eng d
020 _a9781843835141
037 _aTB
040 _aEDL
040 _beng
040 _cEDL
041 _2eng
041 _aeng
084 _a941.06 BED
084 _qEDL
245 0 _aLetters of Samuel Pepys 1656-1703
260 _aWoodbridge
260 _bBoydell Press
300 _a288p
942 _cTB
942 _h941.06 BED
999 _c1846766
_d1846766